Apuntes para entender los efectos de las leyes que transforman el agro/
محفوظ في:
| المؤلف الرئيسي: | |
|---|---|
| التنسيق: | كتاب |
| اللغة: | Spanish |
| الوسوم: |
إضافة وسم
لا توجد وسوم, كن أول من يضع وسما على هذه التسجيلة!
|
MARC
| LEADER | 00000nam a22000007a 4500 | ||
|---|---|---|---|
| 003 | cru CIDCACS/IIS | ||
| 005 | 20181025145352.0 | ||
| 007 | ta | ||
| 008 | 181025b2000 cr |||p|r||||||0| ||spa|d | ||
| 999 | |c 41850 |d 41850 | ||
| 040 | |c cru CIDCACS/IIS | ||
| 100 | 1 | |9 7874 |a Vargas, William | |
| 245 | |a Apuntes para entender los efectos de las leyes que transforman el agro/ |c William Vargas | ||
| 246 | |a De Combo en Combo: |b lecciones y alcances para la sociedad civil | ||
| 300 | |a páginas 41-48: |b fotos | ||
| 773 | 0 | |0 41842 |9 2356 |d San José, Costa Rica: Editorial Aportes para la Educación, |o 17842 |t Aportes / | |
| 942 | |2 ddc |c PP | ||
